|
|
|
|
| LEADER |
00000nam a2200000 a 4500 |
| 001 |
vtls010607911 |
| 003 |
SK-MaSNL |
| 005 |
20260302013333.0 |
| 008 |
250313s1978 xxk 000 j eng |
| 035 |
|
|
|a 10BA22A1-7638-45D5-99B7-959BF3A59298
|
| 035 |
|
|
|a urn:nbn:sk:snk-amld54
|
| 035 |
|
|
|a urn:nbn:sk:snk-am0090ke
|
| 040 |
|
|
|a SNK
|b slo
|c SNK
|e AACR2
|
| 041 |
0 |
|
|a eng
|
| 044 |
|
|
|a xxk
|c GB
|
| 080 |
|
|
|a 82-93-34(082.2)
|2 1981
|
| 080 |
|
|
|a 398.21(100)(082.2)
|2 1981
|
| 100 |
1 |
|
|a Untermeyer, Bryna
|4 aut
|9 419800
|
| 245 |
1 |
0 |
|a Stories and Poems for the Young
|b selected and with a Commentary by ...
|c Bryna Untermeyer, Luis Untermeyer
|
| 250 |
|
|
|a 2. impres.
|
| 260 |
|
|
|a London
|b Hamlyn
|c 1978
|
| 300 |
|
|
|a 252 s.
|c 27 cm
|
| 655 |
|
7 |
|a svetové rozprávky
|2 SNK
|9 277435
|
| 655 |
|
7 |
|a publikácie pre deti
|2 SNKPH
|9 70148
|
| 700 |
1 |
|
|a Untermeyer, Louis
|4 aut
|9 419801
|
| 852 |
|
|
|a Slovenská národná knižnica
|
| 958 |
|
|
|a LX
|
| 958 |
|
|
|a OND
|
| 999 |
|
|
|c 1012613
|d 1014543
|
| 952 |
|
|
|a SNK
|b SNK
|y PREZ
|7 0
|p 17A0968623
|o snkSB 26707
|i snkKIP 6077/78
|0 0
|1 0
|4 0
|d 2014-07-03
|f 1
|l 0
|r 2026-02-24 12:58:12
|w 2026-02-24
|